000 01062cam a22003137a 4500
003 CHAP
005 20220329141953.0
008 981028d1989 mx r 00010 spa d
010 _a76476
011 _a77448
020 _a9683611834
035 _a87055
040 _cCHAP
082 0 4 _a179.7
_bH4
100 0 0 _aHernández Bringas, Héctor Hiram.
_953864
245 1 4 _aLas muertes violentas en México
_c/por Héctor H. Hernández Bringas
260 _aCuernavaca, Mor. ;
_bUniversidad Nacional Autónoma de México. Centro Regional de Investigaciones Mutidiciplinarias,
_c1989.
300 _a168 p. ;
_bgráfs. ; cuadros
590 _aBATCH-UPD
_b10
_c20130110
_lUCH01
_h0725
590 _aBATCH-UPD
_b10
_c20130410
_lUCH01
_h0409
590 _aBATCH-UPD
_b10
_c20130914
_lUCH01
_h1609
590 _aCONVERSION
_b10
_c20130109
_lUCH01
_h1342
650 1 4 _aMuerte violenta.
_979285
650 1 4 _aViolencia.
_9119891
901 _aBK
905 _aMayto Villalobos S.
942 _cLIBRO
949 _a179.7 H4
_bBC
_cLIBRO
_d33724000708640
_eLIBRO
_h94203
_i87055
_sm
999 _c76476
_d76476